000 01013nam a2200253 i 4500
001 181610
003 ES-MaACL
005 20250824085057.0
008 130222s1917 sp |||| |dspa d
080 _a821.134.2-2"15"
100 1 _aCueva, Juan de la.
_9146967
245 1 0 _aComedias y tragedias /
_cde Juan de la Cueva ; publicadas por la Sociedad de Bibliófilos Españoles.
260 _aMadrid :
_bSociedad de Bibliófilos Españoles,
_c1917 (
_fImp. Ibérica)
300 _a2 v. ;
_c23 cm.
490 1 _aSociedad de Bibliófilos Españoles ;
_v40
505 8 _aEn v. 1: Estudio biográfico y crítico de Juan de la Cueva / por Francisco A. de Icaza
600 1 4 _aCueva, Juan de la.
_9146967
700 1 _aIcaza, Francisco A. de,
_d1863-1925
_965035
710 2 _aSociedad de Bibliófilos Españoles.
_96661
740 0 2 _aEstudio biográfico y crítico de Juan de la Cueva.
830 1 0 _aSociedad de Bibliófilos Españoles
_v40
_9187662
852 4 _aES-MaACL
_jJ-7(40)
999 _c181610
_d181610